[Event "Mechanics' Leighton Allen TNM; G/2"]
[Site "San Francisco"]
[Date "2015.08.18"]
[Round "3.10"]
[White "Chea, Na"]
[Black "Porlares, Teodoro"]
[Result "0-1"]
[WhiteElo "1598"]
[BlackElo "1849"]
[PlyCount "60"]
[EventDate "2015.??.??"]

1. d4 Nf6 2. Nf3 g6 3. c4 Bg7 4. Nc3 O-O 5. e4 d6 6. Bg5 h6 7. Bf4 Bg4 8. Be2
Nbd7 9. h3 Bxf3 10. Bxf3 Rb8 11. h4 c5 12. d5 Kh7 13. Qc2 Kg8 14. g4 Ne8 15.
Bd2 a6 16. Be2 Nc7 17. a4 e6 18. O-O-O exd5 19. exd5 Re8 20. f4 b5 21. axb5
axb5 22. cxb5 Rxe2 23. Nxe2 Nxb5 24. Bc3 Nxc3 25. Nxc3 Qa5 26. Rh3 c4 27. Re1
Nc5 28. Kd2 Nb3+ 29. Ke3 Qc5+ 30. Ke2 Nd4+ 0-1

[Event "Mechanics' Leighton Allen TNM; G/2"]
[Site "San Francisco"]
[Date "2015.09.01"]
[Round "5.19"]
[White "Chen, Mingson"]
[Black "Rakonitz, David"]
[Result "1/2-1/2"]
[WhiteElo "1900"]
[BlackElo "1613"]
[Annotator "Donaldson"]
[PlyCount "68"]
[EventDate "2015.??.??"]

1. e4 e6 2. d3 d5 3. Nd2 Nf6 4. Ngf3 c5 5. g3 Nc6 6. Bg2 Be7 7. O-O O-O 8. Re1
b5 9. e5 Nd7 10. Nf1 a5 11. h4 Ba6 12. Bf4 a4 13. a3 b4 14. axb4 cxb4 15. Rxa4
Nb6 16. Ra1 Bb5 17. Rxa8 Qxa8 18. N1d2 Qa2 19. b3 Ra8 20. Be3 Nd7 21. d4 Qb2
22. Bf1 Bxf1 23. Nxf1 Ra2 24. Re2 Qc3 25. Ne1 Na7 26. Qd3 Qc6 27. c4 dxc4 28.
bxc4 Qa4 29. Rxa2 Qxa2 30. Nd2 Nc6 31. Kf1 Na5 32. Ke2 b3 33. Kd1 $6 (33. c5)
33... Bb4 34. Nxb3 $4 Nxb3 {
Black could play on with every expectation of winning.} 1/2-1/2

[Event "Mechanics' Leighton Allen TNM; G/2"]
[Site "San Francisco"]
[Date "2015.08.10"]
[Round "2.7"]
[White "Chen, Mingson"]
[Black "Tsodikova, Natalya"]
[Result "0-1"]
[WhiteElo "1900"]
[BlackElo "2164"]
[PlyCount "48"]
[EventDate "2015.??.??"]

1. d4 Nf6 2. c4 g6 3. Nc3 Bg7 4. e4 d6 5. f3 O-O 6. Be3 Nc6 7. Qd2 a6 8. O-O-O
b5 9. cxb5 axb5 10. Bxb5 Na5 11. Kb1 c6 12. Bd3 Be6 13. b3 Qc7 14. Nge2 Rfb8
15. Nc1 Nc4 16. Bxc4 Bxc4 17. Nd3 Nd7 18. Nb2 Ba6 19. Nca4 Bb5 20. Nc3 Qa5 21.
Kc2 c5 22. a4 Bc6 23. Nd5 Bxd5 24. exd5 Qc7 0-1

[Event "Mechanics' Spring TNM; G/2"]
[Site "San Francisco"]
[Date "2015.03.24"]
[Round "2.35"]
[White "Cheng, Andrew"]
[Black "Allen, Tom"]
[Result "0-1"]
[WhiteElo "1418"]
[BlackElo "1565"]
[Annotator "Donaldson"]
[PlyCount "56"]
[EventDate "2015.??.??"]

1. e4 e5 2. Nf3 Nc6 3. Bc4 Nf6 4. Ng5 Bc5 5. Bxf7+ Ke7 6. Bd5 d6 (6... Rf8) 7.
Nc3 (7. c3) 7... Rf8 8. O-O Bg4 9. Nf3 Nxd5 10. Nxd5+ Kd7 11. d3 {Diagram [#]}
Bxf3 (11... Rxf3 $1 12. gxf3 Bh5 13. c3 Qh4 14. Kg2 Rf8) 12. gxf3 Nd4 13. c3 $2
(13. f4 $1) 13... Nxf3+ $19 14. Kg2 Qh4 15. Qxf3 Rxf3 16. Kxf3 Rf8+ 17. Ke2
Rxf2+ 18. Rxf2 Qxf2+ 19. Kd1 a5 20. c4 Qf1+ 21. Kc2 Qe2+ 22. Bd2 c6 23. Nc3
Qxh2 24. Rf1 Ke7 25. a3 Be3 26. Rd1 g5 27. Kc1 Bxd2+ 28. Rxd2 Qh3 0-1

[Event "Mechanics' Spring TNM; G/2"]
[Site "San Francisco"]
[Date "2015.04.28"]
[Round "7.39"]
[White "Cheng, Andrew"]
[Black "Chalissery, Jossy"]
[Result "0-1"]
[WhiteElo "1418"]
[BlackElo "1706"]
[PlyCount "91"]
[EventDate "2015.??.??"]

1. c4 b6 2. d4 Bb7 3. Nc3 e6 4. e4 Bb4 5. e5 c5 6. a3 cxd4 7. axb4 dxc3 8. bxc3
Qc7 9. Qd6 Qxd6 10. exd6 Nf6 11. f3 O-O 12. Bg5 Nc6 13. Bxf6 gxf6 14. O-O-O a5
15. b5 Ne5 16. f4 Ng4 17. Rd2 Ne3 18. Nf3 Nxf1 19. Rxf1 Rac8 20. Rd4 Rc5 21.
Kb2 Kh8 22. g4 Rfc8 23. Nd2 Kg7 24. Kb3 e5 25. fxe5 fxe5 26. Rd3 e4 27. Re3 Re8
28. Rf4 Rce5 29. Rf5 Rxf5 30. gxf5 Kf6 31. c5 bxc5 32. Ka4 Kxf5 33. Kxa5 Kf4
34. Nc4 Bd5 35. Rxe4+ Kxe4 36. Nb6 Be6 37. Ka6 Ke5 38. Kb7 Kxd6 39. Nc8+ Rxc8
40. Kxc8 Bd5 41. c4 Bxc4 42. b6 Bd5 43. Kb8 c4 44. Ka7 c3 45. b7 Bxb7 46. Kxb7
0-1

[Event "Mechanics' Spring TNM; G/2"]
[Site "San Francisco"]
[Date "2015.03.31"]
[Round "3.26"]
[White "Cheung, Aaron"]
[Black "Aquino, Pat"]
[Result "0-1"]
[WhiteElo "1748"]
[BlackElo "1514"]
[PlyCount "87"]
[EventDate "2015.??.??"]

1. e4 d5 2. exd5 Qxd5 3. d4 Nf6 4. Nc3 Qa5 5. Nf3 Nc6 6. Be2 Bg4 7. O-O O-O-O
8. Be3 e5 9. Ng5 Bxe2 10. Nxe2 Rd7 11. c3 h6 12. Nf3 e4 13. Nd2 Bd6 14. Nc4 Qb5
15. Nxd6+ Rxd6 16. Qc2 Nd5 17. Ng3 Nf6 18. a4 Qd5 19. b4 Qc4 20. Nxe4 Nxe4 21.
Qxe4 Qxc3 22. Qg4+ Rd7 23. b5 Nxd4 24. Rad1 Ne6 25. Rc1 Qd3 26. Bxa7 Nd4 27.
Rfd1 Ne2+ 28. Kh1 f5 29. Rxd3 fxg4 30. Rcd1 Rxd3 31. Rxd3 b6 32. a5 bxa5 33. g3
Kb7 34. Be3 a4 35. Rd2 Nc3 36. Rb2 Ra8 37. Bd4 Nd5 38. Bxg7 a3 39. Ra2 Nb4 40.
Ra1 a2 41. Rc1 h5 42. h3 Nd3 43. Rf1 Ra5 44. Ra1 0-1

[Event "Mechanics' Winter TNM; 30/90, SD/30"]
[Site "San Francisco"]
[Date "2015.02.24"]
[Round "8.30"]
[White "Cheung, Aaron"]
[Black "Ayinala, Nihar"]
[Result "1-0"]
[WhiteElo "1748"]
[BlackElo "1030"]
[PlyCount "55"]
[EventDate "2015.??.??"]

1. e4 c5 2. Nf3 Nc6 3. d4 cxd4 4. Nxd4 e6 5. Nc3 g6 6. Be3 Nge7 7. Bb5 Bg7 8.
Qd2 O-O 9. O-O Re8 10. Rad1 a6 11. Ba4 b5 12. Bb3 Bb7 13. f3 Na5 14. a3 Nxb3
15. Nxb3 d5 16. Bd4 dxe4 17. Bxg7 Qxd2 18. Rxd2 Kxg7 19. fxe4 Ng8 20. Rd7 Bc6
21. Rfxf7+ Kh6 22. Rxh7+ Kg5 23. Rc7 Rac8 24. Rxc8 Rxc8 25. Nd4 Nf6 26. Nxe6+
Kg4 27. h3+ Kg3 28. Ne2# 1-0

[Event "Mechanics' Winter TNM; 30/90, SD/30"]
[Site "San Francisco"]
[Date "2015.01.27"]
[Round "4.33"]
[White "Cheung, Aaron"]
[Black "Ross, David"]
[Result "1-0"]
[WhiteElo "1748"]
[BlackElo "1523"]
[PlyCount "103"]
[EventDate "2015.??.??"]

1. e4 c5 2. Nf3 d6 3. Nc3 Nc6 4. d4 cxd4 5. Nxd4 Nf6 6. Bc4 g6 7. Be3 Bg7 8.
Qd2 Ng4 9. Nxc6 bxc6 10. Bg5 h6 11. Bh4 O-O 12. Rb1 Ne5 13. Bb3 Ba6 14. Ne2 Qd7
15. h3 Rab8 16. O-O c5 17. a3 Nc4 18. Bxc4 Bxc4 19. b3 Be6 20. Bg3 Rb7 21. Nf4
Rfb8 22. Nxe6 Qxe6 23. Qd5 Qxd5 24. exd5 c4 25. b4 a5 26. Rfe1 Kf8 27. c3 axb4
28. cxb4 Ra8 29. Rec1 Rc7 30. b5 Rxa3 31. b6 Rb7 32. Rxc4 Ra8 33. Bf4 Ke8 34.
Be3 Ra1 35. Rxa1 Bxa1 36. Kf1 Kd7 37. Ke2 Bf6 38. Kf3 e6 39. Ke4 h5 40. Ra4 Bg7
41. Ra8 f5+ 42. Kf4 Bf6 43. dxe6+ Kxe6 44. Ra7 Rb8 45. Rc7 d5 46. Rc6+ Ke7 47.
Bc5+ Kf7 48. Rc7+ Ke6 49. Rc6+ Kf7 50. Bd6 Ra8 51. b7 Ra4+ 52. Kg3 1-0

[Event "Mechanics' Winter TNM; 30/90, SD/30"]
[Site "San Francisco"]
[Date "2015.01.13"]
[Round "2.9"]
[White "Cheung, Aaron"]
[Black "Walder, Michael"]
[Result "0-1"]
[WhiteElo "1748"]
[BlackElo "2154"]
[PlyCount "56"]
[EventDate "2015.??.??"]

1. e4 c5 2. Nf3 d6 3. Nc3 Nc6 4. d4 cxd4 5. Nxd4 Nf6 6. Bc4 Qb6 7. Nb3 e6 8.
Be3 Qc7 9. O-O a6 10. a4 b6 11. f3 Be7 12. Nd4 O-O 13. Bb3 Na5 14. Re1 Nxb3 15.
Nxb3 Bd7 16. Qd4 Rab8 17. Qd3 b5 18. a5 Rfc8 19. Rac1 b4 20. Ne2 Bb5 21. Qd2 d5
22. Bb6 Qb7 23. Ng3 Rc4 24. Nd4 Nd7 25. b3 Nxb6 26. Nxb5 Rc5 27. axb6 Rxb5 28.
Qd4 Bc5 0-1

[Event "Mechanics' Winter TNM; 30/90, SD/30"]
[Site "San Francisco"]
[Date "2015.02.17"]
[Round "7.22"]
[White "Clemens, Kristian"]
[Black "Cohee, James"]
[Result "1/2-1/2"]
[WhiteElo "1826"]
[BlackElo "1660"]
[PlyCount "54"]
[EventDate "2015.??.??"]

1. d4 Nf6 2. c4 e6 3. Nf3 b6 4. Nc3 Bb4 5. Bd2 O-O 6. Qc2 d5 7. e3 Bb7 8. Be2
Nbd7 9. O-O Re8 10. Nxd5 Bxd2 11. Nxf6+ Nxf6 12. Nxd2 Qe7 13. Bf3 c5 14. Bxb7
Qxb7 15. dxc5 bxc5 16. Nb3 Qb6 17. Rfd1 Rad8 18. Rxd8 Rxd8 19. Rd1 Rb8 20. Qd2
g6 21. Qd6 Qxd6 22. Rxd6 Rb4 23. Rc6 Nd7 24. Rc7 Nb6 25. Rxc5 Nxc4 26. g3 Ra4
27. a3 Nxb2 1/2-1/2

[Event "Mechanics' Fall TNM; G/2"]
[Site "San Francisco"]
[Date "2015.12.01"]
[Round "7.9"]
[White "Clemens, Kristian"]
[Black "Ke, Ivan"]
[Result "0-1"]
[WhiteElo "1932"]
[BlackElo "2112"]
[PlyCount "82"]
[EventDate "2015.??.??"]

1. d4 Nf6 2. c4 g6 3. Nc3 Bg7 4. e4 d6 5. Nf3 O-O 6. Be2 Nc6 7. d5 Nb8 8. O-O
e5 9. Bg5 h6 10. Bh4 Nbd7 11. Qc2 g5 12. Bg3 Nh5 13. Nd2 Nf4 14. Rac1 a5 15. b3
Nc5 16. a3 Bd7 17. f3 h5 18. Bf2 b6 19. Rb1 Qc8 20. b4 axb4 21. axb4 Na4 22.
Bd3 Nxc3 23. Qxc3 {Diagram #} Bh3 $1 24. Ra1 Rxa1 25. Rxa1 Bxg2 26. Bf1 Qh3 27.
Qc1 g4 28. Bg3 gxf3 29. Nxf3 Qg4 30. Nd2 Bxf1 31. Qxf1 h4 32. Qf3 Qxf3 33. Nxf3
hxg3 34. hxg3 Ne2+ 35. Kf2 Nd4 36. Nh4 f5 37. Ra7 Rf7 38. exf5 Nxf5 39. Nf3 Nd4
40. Ra8+ Kh7 41. Ra3 e4 0-1

[Event "Mechanics' Fall TNM; G/2"]
[Site "San Francisco"]
[Date "2015.12.15"]
[Round "9.15"]
[White "Clemens, Kristian"]
[Black "Kuczek, Kevin W"]
[Result "1/2-1/2"]
[WhiteElo "1932"]
[BlackElo "1611"]
[PlyCount "72"]
[EventDate "2015.??.??"]

1. d4 Nf6 2. c4 e6 3. Nf3 b6 4. Bg5 Be7 5. Nc3 Bb7 6. e3 O-O 7. Bd3 h6 8. Bh4
c5 9. O-O cxd4 10. exd4 d5 11. cxd5 Nxd5 12. Bxe7 Qxe7 13. Rc1 Nd7 14. Nxd5
Bxd5 15. Rc7 Qd6 16. Qc2 Nc5 17. Rxc5 bxc5 18. dxc5 Qf4 19. Qc3 a5 20. b3 Rfc8
21. a3 Bxf3 22. gxf3 Qg5+ 23. Kh1 Rxc5 24. Qe1 Re5 25. Qc1 Rd8 26. f4 Qh5 27.
fxe5 Qf3+ 28. Kg1 Qxd3 29. Qc4 Qd2 30. Qc1 Qd5 31. Qe3 Qd3 32. Re1 Rd4 33. Qxd3
Rxd3 34. Rb1 Rd5 35. Re1 Rb5 36. Re3 Kf8 1/2-1/2

[Event "Mechanics' Fall TNM; G/2"]
[Site "San Francisco"]
[Date "2015.10.27"]
[Round "2.20"]
[White "Clemens, Kristian"]
[Black "Macintyre, Brendan"]
[Result "1-0"]
[WhiteElo "1932"]
[BlackElo "1575"]
[PlyCount "37"]
[EventDate "2015.??.??"]

1. d4 d5 2. c4 c6 3. Nf3 Nf6 4. Nc3 Bf5 5. Bf4 e6 6. e3 Be7 7. Qb3 b6 8. cxd5
exd5 9. Qa4 O-O 10. Be2 Bd6 11. Ne5 Bxe5 12. Bxe5 Re8 13. Bxf6 Qxf6 {Diagram #}
14. Nxd5 Qd6 15. Nxb6 Nd7 16. Nxa8 Rxa8 17. Bf3 Nb6 18. Qxc6 Qb4+ 19. Qc3 1-0

[Event "Mechanics' Spring TNM; G/2"]
[Site "San Francisco"]
[Date "2015.05.05"]
[Round "8.9"]
[White "Clemens, Kristian"]
[Black "Maser, Tom"]
[Result "0-1"]
[WhiteElo "1877"]
[BlackElo "1956"]
[PlyCount "112"]
[EventDate "2015.??.??"]

1. d4 Nf6 2. c4 e6 3. Nf3 Bb4+ 4. Bd2 a5 5. a3 Bxd2+ 6. Nbxd2 d5 7. e3 O-O 8.
Rc1 b6 9. cxd5 exd5 10. Ne5 c5 11. Bd3 Ba6 12. Bxa6 Nxa6 13. O-O c4 14. Qa4 Qe8
15. Qc6 Qxc6 16. Nxc6 Rfe8 17. b3 Re6 18. Ne5 b5 19. bxc4 bxc4 20. Rb1 Nc5 21.
Nexc4 Nce4 22. Nxe4 Nxe4 23. Nb6 Rd8 24. Rfc1 Kf8 25. Rb5 Red6 26. f3 Nf6 27.
Rc8 Rxc8 28. Nxc8 Rc6 29. Nb6 Rc1+ 30. Kf2 Rc2+ 31. Kg3 Rc3 32. Rxa5 Rxe3 33.
a4 Ra3 34. Rc5 $4 Ne4+ 35. Kf4 Nxc5 36. dxc5 f6 37. c6 Rc3 38. Nd7+ Ke8 39. Nb6
Rxc6 40. a5 Rc5 41. a6 Ra5 42. a7 Rxa7 43. Nxd5 Ra4+ 44. Ke3 Ra2 45. Nf4 g5 46.
Ne2 Kf7 47. g3 Kg6 48. h3 f5 49. f4 h6 50. Kf3 Ra3+ 51. Kg2 Kf6 52. fxg5+ hxg5
53. Kf2 Ke5 54. Kg2 Ke4 55. Kf2 Rf3+ 56. Kg2 f4 0-1

[Event "Mechanics' Summer TNM; G/2"]
[Site "San Francisco"]
[Date "2015.06.16"]
[Round "4.21"]
[White "Clemens, Kristian"]
[Black "Rakonitz, David"]
[Result "1-0"]
[WhiteElo "1887"]
[BlackElo "1613"]
[Annotator "Donaldson"]
[PlyCount "151"]
[EventDate "2015.??.??"]

1. d4 Nf6 2. c4 e6 3. Nf3 b6 4. Nc3 Bb4 5. Qb3 c5 6. a3 Bxc3+ 7. bxc3 Qc7 8. g3
Bb7 9. Bf4 d6 10. Bg2 O-O 11. O-O Nbd7 12. Rad1 e5 13. Be3 Rac8 14. dxe5 dxe5
15. Nh4 Bxg2 16. Kxg2 Rcd8 17. Nf5 h6 18. Qc2 Nb8 19. Qc1 Ng4 20. h3 Nxe3+ 21.
Qxe3 Nc6 22. Qe4 Ne7 23. Nxe7+ Qxe7 24. Rd5 Rxd5 25. cxd5 f5 26. Qc4 Qb7 27. f4
e4 28. e3 Rd8 29. Rd1 Kf8 30. d6 Qf7 31. Qb5 Rd7 32. c4 Qe6 33. Qc6 Kf7 34. a4
Kf6 35. Rd5 Qe8 36. Re5 Qd8 37. Qd5 Rxd6 38. Rxf5+ Kg6 39. Qxe4 Rd2+ 40. Kf3
Rf2+ {Diagram #} 41. Kg4 $4 (41. Kxf2 Qd2+ 42. Kg1 Qe1+ 43. Kh2 Qe2+ 44. Qg2
Qxg2+ 45. Kxg2 Kxf5 46. Kf3 {wins.}) 41... Qd7 {Now it is Black who is winning.
} 42. Qe5 h5+ 43. Kh4 Qxf5 44. Qe8+ Kh7 45. e4 Qf6+ (45... g5+ 46. Kxh5 Qxh3+
47. Kxg5 Qxg3+ {mating.}) 46. Kxh5 Qh6+ 47. Kg4 Qg6+ 48. Qxg6+ Kxg6 49. e5 Kf7
({The immediate} 49... Rc2 {
followed by capturing on c4 and promoting the c-pawn was another way to win.})
50. h4 Rc2 51. Kf5 Rxc4 52. h5 Rd4 53. g4 c4 54. g5 Rd8 55. e6+ Ke7 56. Kg6
Kxe6 57. Kxg7 Rd7+ 58. Kg6 c3 59. f5+ Ke7 60. h6 Kf8 61. h7 Rxh7 62. Kxh7 c2
63. g6 Ke7 64. Kg7 Ke8 $4 (64... c1=Q 65. f6+ Ke6 66. f7 Qc3+ 67. Kg8 Qf6 68.
f8=Q Qxg6+ {wins.}) 65. f6 c1=Q 66. f7+ Kd7 67. f8=Q Qa1+ 68. Kg8 Qxa4 69. Qf7+
Kd6 70. Kf8 Qc2 71. Qe7+ Kc6 72. Qf6+ Kb5 73. g7 Qc8+ 74. Kf7 Qc7+ 75. Kg6 Qc8
76. Qf5+ 1-0

[Event "Mechanics' Winter TNM; 30/90, SD/30"]
[Site "San Francisco"]
[Date "2015.01.13"]
[Round "2.27"]
[White "Clemens, Kristian"]
[Black "Rothman, Ivan"]
[Result "1-0"]
[WhiteElo "1826"]
[BlackElo "1379"]
[PlyCount "97"]
[EventDate "2015.??.??"]

1. d4 Nf6 2. c4 g6 3. Nc3 Bg7 4. e4 d6 5. Nf3 O-O 6. Be2 e5 7. d5 Nbd7 8. Bg5
a5 9. a3 Qe8 10. Nb5 Rb8 11. Nxc7 Qd8 12. Nb5 Qe7 13. Nd2 Nc5 14. b4 axb4 15.
axb4 Na6 16. Qb3 Bd7 17. Nxd6 Qxd6 18. c5 Nxc5 19. bxc5 Qxc5 20. Be3 Qc8 21.
O-O Ng4 22. Rfc1 Qd8 23. Bb6 Qh4 24. Nf3 Qh5 25. Rc7 Bc8 26. d6 Be6 27. Bc4 Ra8
28. Rd1 Bxc4 29. Qxc4 Nxh2 30. d7 Nxf3+ 31. gxf3 Rfd8 32. Rc8 Qxf3 33. Rxd8+
Rxd8 34. Qd3 Qg4+ 35. Kf1 Rxd7 36. Qxd7 Qxe4 37. Qe8+ Bf8 38. Rd8 Qb1+ 39. Ke2
Qc2+ 40. Ke3 Qc1+ 41. Ke4 Qf4+ 42. Kd5 Qf3+ 43. Kc4 Qe2+ 44. Kc3 Qe1+ 45. Kc4
Qe2+ 46. Kb3 Qf3+ 47. Be3 Kg7 48. Qxf8+ Kf6 49. Rd6+ 1-0

[Event "Mechanics' Spring TNM; G/2"]
[Site "San Francisco"]
[Date "2015.03.31"]
[Round "3.8"]
[White "Clemens, Kristian"]
[Black "Smith III, Mahlon"]
[Result "0-1"]
[WhiteElo "1877"]
[BlackElo "2121"]
[PlyCount "56"]
[EventDate "2015.??.??"]

1. d4 Nf6 2. c4 g6 3. Nc3 d5 4. Bg5 Ne4 5. Nxe4 dxe4 6. e3 Bg7 7. Qc2 c6 8. Ne2
$4 Qa5+ 9. Nc3 Qxg5 10. Nxe4 Qa5+ 11. Nc3 c5 12. Rd1 Bf5 13. Qd2 cxd4 14. exd4
Nc6 15. d5 Nd4 16. Bd3 O-O 17. O-O Bxd3 18. Qxd3 Nf5 19. Rb1 Qc5 20. Nb5 Nd6
21. Na3 Rac8 22. b4 Qd4 23. Qxd4 Bxd4 24. c5 Ne4 25. Nb5 Bf6 26. Rbc1 a6 27.
Rfe1 Nxf2 28. Kxf2 axb5 0-1

[Event "Mechanics' Winter TNM; 30/90, SD/30"]
[Site "San Francisco"]
[Date "2015.02.03"]
[Round "5.14"]
[White "Clemens, Kristian"]
[Black "Traub, Igor"]
[Result "0-1"]
[WhiteElo "1826"]
[BlackElo "2073"]
[PlyCount "90"]
[EventDate "2015.??.??"]

1. d4 Nf6 2. c4 g6 3. Nc3 Bg7 4. e4 d6 5. Nf3 O-O 6. Be2 Nbd7 7. Qc2 e5 8. d5
a5 9. Bg5 h6 10. Bh4 Nc5 11. b3 Bd7 12. O-O g5 13. Bg3 Nh5 14. Nd2 Nf4 15. a3
Nxe2+ 16. Nxe2 f5 17. f3 Qf6 18. Nc3 Rf7 19. b4 Na6 20. Nb3 axb4 21. axb4 Kh7
22. b5 Nb4 23. Qe2 Rxa1 24. Rxa1 c5 25. Ra7 f4 26. Be1 Bc8 27. Ra8 Bd7 28. Rb8
g4 29. Rxb7 gxf3 30. gxf3 Qg5+ 31. Kh1 Bf6 32. Nc1 Rg7 33. Qf1 Nc2 34. Bf2 Qh5
35. Bg1 Bh4 36. Nb3 Kh8 37. Rb8+ Kh7 38. Rb7 Qe8 39. Qe2 Nd4 40. Nxd4 cxd4 41.
Nd1 Qc8 42. Ra7 Qc5 43. Ra6 Bh3 44. Bf2 Bg2+ 45. Kg1 Bxf3+ 0-1

[Event "Mechanics' Summer TNM; G/2"]
[Site "San Francisco"]
[Date "2015.06.02"]
[Round "2.6"]
[White "Clemens, Kristian"]
[Black "Traub, Igor Vladim"]
[Result "1/2-1/2"]
[WhiteElo "1887"]
[BlackElo "2097"]
[PlyCount "115"]
[EventDate "2015.??.??"]

1. d4 d5 2. c4 c6 3. Nc3 Nf6 4. Nf3 a6 5. Bg5 Ne4 6. Nxe4 dxe4 7. Nd2 Qxd4 8.
Qc2 Qe5 9. Bh4 e3 10. fxe3 g6 11. Nf3 Qa5+ 12. Nd2 Bg7 13. e4 Nd7 14. a3 Qe5
15. Rb1 Nf6 16. Bg3 Qa5 17. e3 Ng4 18. Qd3 Qc5 19. Bf2 Be6 20. b4 Qe5 21. Bg3
Qc3 22. Qxc3 Bxc3 23. Rb3 Bg7 24. Be2 O-O-O 25. h3 Ne5 26. Bxe5 Bxe5 27. Bg4
Bxg4 28. hxg4 h5 29. gxh5 Rxh5 30. Rxh5 gxh5 31. Nf3 Bg3+ 32. Ke2 Rd6 33. Nd4
e6 34. Rb1 Kd8 35. Rh1 h4 36. Nf3 Ke7 37. Nxh4 Bxh4 38. Rxh4 e5 39. Rh5 Re6 40.
Rh8 Rg6 41. Kf2 Rf6+ 42. Ke2 Rg6 43. Rb8 Rxg2+ 44. Kf3 Ra2 45. Rxb7+ Ke6 46.
Rb6 Rxa3 47. Rxc6+ Kd7 48. b5 axb5 49. cxb5 Rb3 50. Rc5 Kd6 51. Rc6+ Kd7 52.
Rc5 f6 53. Rd5+ Ke6 54. Rc5 Kf7 55. Rd5 Rb4 56. Rc5 Ke6 57. Rc6+ Ke7 58. b6
1/2-1/2

[Event "Mechanics' Leighton Allen TNM; G/2"]
[Site "San Francisco"]
[Date "2015.09.01"]
[Round "5.5"]
[White "Clemens, Kristian"]
[Black "Tsodikova, Natalya"]
[Result "1/2-1/2"]
[WhiteElo "1928"]
[BlackElo "2164"]
[PlyCount "109"]
[EventDate "2015.??.??"]

1. d4 Nf6 2. c4 g6 3. Nc3 Bg7 4. e4 d6 5. Nf3 O-O 6. Be2 Bg4 7. O-O Nfd7 8. Be3
c5 9. Qd2 Nc6 10. d5 Bxf3 11. dxc6 Bxe2 12. cxb7 Rb8 13. Nxe2 Rxb7 14. Rab1 Ne5
15. Qd5 Qb8 16. b3 a5 17. Nc3 Nf3+ 18. gxf3 Bxc3 19. Qd3 Bg7 20. Bd2 Qc8 21.
Bxa5 Qh3 22. Bc3 Bh6 23. Bd2 Bxd2 24. Qxd2 Qxf3 25. Rfe1 Ra7 26. Qe2 Qf4 27.
Rb2 f5 28. e5 Qg5+ 29. Kh1 Rd8 30. Rd2 f4 31. Rg1 Qf5 32. exd6 Rxd6 33. Rxd6
exd6 34. Re1 Kg7 35. Qb2+ Kh6 36. Qd2 Qf6 37. Rd1 Rd7 38. a4 Kg7 39. a5 f3 40.
a6 g5 41. Qa2 Ra7 42. Qa1 Qxa1 43. Rxa1 Kf6 44. Ra5 Ke7 45. h3 Kd7 46. Kh2 Kc6
47. Kg3 Kb6 48. Rb5+ Kxa6 49. b4 cxb4 50. Rxb4 Rf7 51. Rb5 h6 52. Rd5 Rf6 53.
c5 dxc5 54. Rxc5 Kb6 55. Re5 1/2-1/2

[Event "Mechanics' Summer TNM; G/2"]
[Site "San Francisco"]
[Date "2015.07.14"]
[Round "8.6"]
[White "Clemens, Kristian"]
[Black "Vickers, Keith"]
[Result "0-1"]
[WhiteElo "1887"]
[BlackElo "2200"]
[PlyCount "70"]
[EventDate "2015.??.??"]

1. d4 f5 2. c4 Nf6 3. Nc3 e6 4. g3 d5 5. Bg2 Bd6 6. cxd5 exd5 7. Bg5 c6 8. e3
O-O 9. Qb3 Qb6 10. Qxb6 axb6 11. Bxf6 Rxf6 12. Bxd5+ cxd5 13. Nxd5 Re6 14. Ne2
Bd7 15. O-O Bb5 16. Rfe1 Nd7 17. Nef4 Bxf4 18. exf4 Rxe1+ 19. Rxe1 Rxa2 20.
Ne7+ Kf8 21. Nxf5 Rxb2 22. Nd6 Re2 23. Rb1 Bc6 24. Nc4 b5 25. Ne3 Nf6 26. d5
Nxd5 27. Kf1 Rd2 28. Ke1 Rd4 29. Nf5 Rb4 30. Rc1 g6 31. Nd6 Ke7 32. Nc8+ Kd7
33. Na7 Ra4 34. Nxc6 bxc6 35. h4 Nxf4 0-1

[Event "Mechanics' Leighton Allen TNM; G/2"]
[Site "San Francisco"]
[Date "2015.09.15"]
[Round "7.4"]
[White "Clemens, Kristian"]
[Black "Wong, Russell"]
[Result "1/2-1/2"]
[WhiteElo "1928"]
[BlackElo "2205"]
[PlyCount "75"]
[EventDate "2015.??.??"]

1. d4 Nf6 2. c4 g6 3. Nc3 Bg7 4. e4 d6 5. Nf3 O-O 6. Be2 c5 7. dxc5 Qa5 8. O-O
dxc5 9. Qc2 Nc6 10. a3 Bg4 11. Be3 e6 12. Nd2 Nd4 13. Bxd4 cxd4 14. Nb3 Qb6 15.
Na4 Qa6 16. Nac5 Qc6 17. f3 Bh5 18. g4 e5 19. gxh5 Nxh5 20. Nd3 Qf6 21. Qd2 Qh4
22. Bd1 f5 23. Nbc5 b6 24. Ne6 fxe4 25. Nxg7 Kxg7 26. fxe4 Rxf1+ 27. Kxf1 Rf8+
28. Kg1 {Diagram #} Ng3 $1 29. Nf2 Nf1 $1 30. Kxf1 Qxh2 31. Bc2 Qh1+ 32. Ke2
Qxa1 33. Qb4 $1 Qg1 34. Qe7+ Kg8 35. Qe6+ Rf7 36. Qe8+ Rf8 37. Qe6+ Rf7 38.
Qe8+ 1/2-1/2

[Event "Mechanics' Summer TNM; G/2"]
[Site "San Francisco"]
[Date "2015.06.30"]
[Round "6.22"]
[White "Clemens, Kristian"]
[Black "Yamamoto, Craig"]
[Result "1-0"]
[WhiteElo "1887"]
[BlackElo "1518"]
[PlyCount "63"]
[EventDate "2015.??.??"]

1. c4 Nf6 2. d4 e6 3. Nf3 b6 4. Bg5 Be7 5. Nc3 Bb7 6. Qc2 d5 7. cxd5 exd5 8. e3
O-O 9. Bd3 Nbd7 10. O-O c6 11. Rfc1 b5 12. Rab1 a5 13. Ne5 g6 14. f4 Ne4 15.
Bxe7 Qxe7 16. Nxe4 Nxe5 17. fxe5 dxe4 18. Bxe4 Rac8 19. Qc5 Qxc5 20. Rxc5 Ba8
21. Rf1 Rfe8 22. Rfc1 Re6 23. Bd5 Ree8 24. Bxc6 Bxc6 25. Rxc6 Rb8 26. Kf2 b4
27. R1c5 b3 28. a4 Ra8 29. Rb6 Reb8 30. Rxb8+ Rxb8 31. Rxa5 Rc8 32. Rc5 1-0

[Event "Mechanics' Leighton Allen TNM; G/2"]
[Site "San Francisco"]
[Date "2015.08.18"]
[Round "3.11"]
[White "Clemens, Kristian"]
[Black "Yamamoto, Shu"]
[Result "1-0"]
[WhiteElo "1928"]
[BlackElo "1571"]
[PlyCount "87"]
[EventDate "2015.??.??"]

1. c4 Nf6 2. d4 g6 3. Nc3 Bg7 4. e4 d6 5. Nf3 O-O 6. Be2 e5 7. d5 Na6 8. Bg5 h6
9. Bh4 g5 10. Bg3 Nxe4 11. Nxe4 f5 12. Nfd2 fxe4 13. Nxe4 Bf5 14. Bd3 Qe7 15.
O-O c5 16. a3 Nc7 17. b4 b6 18. bxc5 bxc5 19. Rb1 Qd7 20. Rb7 Bxe4 21. Bxe4
Rfb8 22. Qb3 Qc8 23. Rb1 Rxb7 24. Qxb7 Qxb7 25. Rxb7 Ne8 26. f3 Nf6 27. Be1 g4
28. Bh4 Nxe4 29. fxe4 h5 30. Be7 Bf8 31. Bf6 Bh6 32. Be7 Bf8 33. Bg5 Bg7 34. a4
a5 35. Rb5 Bf8 36. Bd2 Ra6 37. Rxa5 Rb6 38. Rb5 Ra6 39. a5 Kf7 40. Rb6 Ra7 41.
a6 Be7 42. Bg5 $1 Ke8 43. Bxe7 Rxe7 44. Rb8+ 1-0

[Event "Mechanics' Winter TNM; 30/90, SD/30"]
[Site "San Francisco"]
[Date "2015.02.24"]
[Round "8.23"]
[White "Cohee, James"]
[Black "Abraham, Renjish"]
[Result "0-1"]
[WhiteElo "1660"]
[BlackElo "1837"]
[PlyCount "49"]
[EventDate "2015.??.??"]

1. Nf3 Nf6 2. d4 d5 3. g3 e6 4. Bg2 Be7 5. O-O O-O 6. c4 Re8 7. Qb3 Nc6 8. cxd5
exd5 9. Nc3 Na5 10. Qc2 g6 11. b3 Bf5 12. Qd1 Nc6 13. Bf4 Bb4 14. Bd2 Qe7 15.
Re1 Ba3 16. Bc1 Bb4 17. Bd2 Rad8 18. Na4 Bxd2 19. Qxd2 Ne4 20. Qb2 Qf6 21. e3
Nb4 22. Ne5 Ng5 23. Qd2 Nc2 24. Rec1 Nxa1 25. Rxc7 0-1

[Event "Mechanics' Winter TNM; 30/90, SD/30"]
[Site "San Francisco"]
[Date "2015.02.24"]
[Round "8.23"]
[White "Cohee, James"]
[Black "Abraham, Renjish"]
[Result "0-1"]
[WhiteElo "1660"]
[BlackElo "1837"]
[PlyCount "116"]
[EventDate "2015.??.??"]

1. Nf3 Nf6 2. d4 d5 3. g3 e6 4. Bg2 Be7 5. O-O O-O 6. c4 Re8 7. Qb3 Nc6 8. cxd5
exd5 9. Nc3 Na5 10. Qc2 g6 11. b3 Bf5 12. Qd1 Nc6 13. Bf4 Bb4 14. Bd2 Qe7 15.
Re1 Ba3 16. Bc1 Bb4 17. Bd2 Rad8 18. Na4 Bxd2 19. Qxd2 Ne4 20. Qb2 Qf6 21. e3
Nb4 22. Ne5 Ng5 23. Qd2 Nc2 24. Rec1 Nxa1 25. Rxc7 Rc8 26. Rc1 Rxc1+ 27. Qxc1
Nc2 28. g4 Nb4 29. gxf5 Qxf5 30. Qd1 b6 31. a3 Qc2 32. Qxc2 Nxc2 33. Bxd5 Nxa3
34. Bc6 Re7 35. f4 Ne6 36. Nc3 Nd8 37. Bf3 Rc7 38. Nd5 Rc1+ 39. Kg2 Nb5 40.
Nf6+ Kg7 41. Ne8+ Kf8 42. Nf6 h5 43. f5 Nd6 44. fxg6 fxg6 45. Nd5 Kg7 46. Be2
N8f7 47. Nc4 Nxc4 48. Bxc4 Nd6 49. Bd3 Rd1 50. Be2 Rd2 51. Kf3 Nf5 52. Nc3 Rb2
53. Bc4 Rxh2 54. d5 Rh3+ 55. Kf4 Rxe3 56. d6 Re8 57. Bb5 Nxd6 58. Bxe8 Nxe8 0-1